000 00365 a2200133 4500
005 20250609095424.0
020 _a0-7166-0292-x
082 _aREF 403 WOR
245 _aWorld Book Dictionary : Volume two L-Z
260 _aLondon,
_bWorld Book Inc,
_c1992.
300 _a2430p.: Ill.; figures.
_c28cm.
700 _aBARNHART, C. L. & BARNHART, R. K.
942 _2ddc
_cBKS
999 _c3488
_d3488